| 000 -LEADER |
| fixed length control field |
01227cam a2200337 a 4500 |
| 001 - CONTROL NUMBER |
| control field |
1038033 |
| 003 - CONTROL NUMBER IDENTIFIER |
| control field |
OSt |
| 005 - DATE AND TIME OF LATEST TRANSACTION |
| control field |
20210419052732.0 |
| 008 - FIXED-LENGTH DATA ELEMENTS--GENERAL INFORMATION |
| fixed length control field |
890406s1989 nyuaf 001 0 eng |
| 010 ## - LIBRARY OF CONGRESS CONTROL NUMBER |
| LC control number |
89040195 |
| 020 ## - INTERNATIONAL STANDARD BOOK NUMBER |
| International Standard Book Number |
0394567870 : |
| 040 ## - CATALOGING SOURCE |
| Original cataloging agency |
DLC |
| Transcribing agency |
DLC |
| Modifying agency |
DLC |
| 050 00 - LIBRARY OF CONGRESS CALL NUMBER |
| Classification number |
SF985 |
| Item number |
.C67 1989 |
| 080 ## - UNIVERSAL DECIMAL CLASSIFICATION NUMBER |
| Universal Decimal Classification number |
59 |
| Item number |
C-80 |
| 082 00 - DEWEY DECIMAL CLASSIFICATION NUMBER |
| Classification number |
636.8/0896 |
| Edition number |
20 |
| 245 04 - TITLE STATEMENT |
| Title |
The Cornell book of cats : |
| Remainder of title |
a comprehensive medical reference for every cat and kitten / |
| Statement of responsibility, etc. |
by the faculty, staff, and associates, Cornell Feline Health Center, College of Veterinary Medicine, Cornell University ; edited by Mordecai Siegal. |
| 250 ## - EDITION STATEMENT |
| Edition statement |
1st ed. |
| 260 ## - PUBLICATION, DISTRIBUTION, ETC. |
| Place of publication, distribution, etc. |
New York : |
| Name of publisher, distributor, etc. |
Villard Books, |
| Date of publication, distribution, etc. |
1989. |
| 300 ## - PHYSICAL DESCRIPTION |
| Extent |
xxvi, 435 p., [4] p. of plates : |
| Other physical details |
ill. (some col.) ; |
| Dimensions |
25 cm. |
| 365 ## - TRADE PRICE |
| Price amount |
24.95 usd |
| 500 ## - GENERAL NOTE |
| General note |
Includes index. |
| 650 #0 - SUBJECT ADDED ENTRY--TOPICAL TERM |
| Topical term or geographic name entry element |
Cats |
| General subdivision |
Diseases. |
| 650 #0 - SUBJECT ADDED ENTRY--TOPICAL TERM |
| Topical term or geographic name entry element |
Cats |
| General subdivision |
Health. |
| 653 ## - INDEX TERM--UNCONTROLLED |
| Uncontrolled term |
კატები |
| 700 1# - ADDED ENTRY--PERSONAL NAME |
| Personal name |
Siegal, Mordecai. |
| 710 2# - ADDED ENTRY--CORPORATE NAME |
| Corporate name or jurisdiction name as entry element |
Cornell Feline Health Center. |
| 856 42 - ELECTRONIC LOCATION AND ACCESS |
| Materials specified |
Publisher description |
| Uniform Resource Identifier |
<a href="http://www.loc.gov/catdir/description/random0412/89040195.html">http://www.loc.gov/catdir/description/random0412/89040195.html</a> |
| 906 ## - LOCAL DATA ELEMENT F, LDF (RLIN) |
| a |
7 |
| b |
cbc |
| c |
orignew |
| d |
1 |
| e |
ocip |
| f |
19 |
| g |
y-gencatlg |
| 942 ## - ADDED ENTRY ELEMENTS (KOHA) |
| Source of classification or shelving scheme |
|
| Koha item type |
Books |
| Edition |
1 |